000 00923nam a22002897a 4500
001 7351
003 FISKH
005 20250710103302.0
008 250710b cb ||||| |||| 00| 0 eng d
020 _a0689810660
040 _aFISKH
_beng
_cFISKH
_dFISKH
050 _aPZ7.S7566 L
082 _a813.54
100 _aSpinelli, Eileen
_d(1942-)
245 _aLizzie Logen is in the wedding /
_cEileen Spinelli
250 _aThis edition first published in 1997
260 _aNew York :
_bTroll,
_c1997
300 _a91 pages :
_c20 cm
505 _aG
520 _aWhen Lizzie's mother announces that she is remarrying, Heather wonders if her wild and unusual friendship with Lizzie will survive the preparations for the wedding.
521 8 _a400
_bLexile
521 8 _aG
_bRaz-Plus
650 _2Realistic fiction
_aChapter book
650 _2Fiction
_aWedding
942 _2ddc
_cBK
_n0
999 _c7351
_d7351